000 00704nam a22001817a 4500
005 20250403111324.0
010 _aENG-144461
020 _a9789391399597
_c275.00
035 _aEN-127993
037 _bDBAD
082 _a181.45
100 _aKumar,David Stanly
_980168
245 _aThus Says The Lord;
_cDavid Stanly Kumar.
_bBiblical Theology And Spirituality of The Hebrew Prophets/
260 _aBengaluru
_bATC Publishers
_c2022
270 _bBengaluru
_e560046
_aSt Mary's Block, Archdiocesan Pastoral Center No.5 Nandidurga Road, Benson Town, Bengaluru
_minfo@atcpublishers.com
_k+91-80-25491999/2999
_l7090100444
300 _axvi,270
_c21cm(pb)
942 _2ddc
_cEN
_h181.45
_mDAV
999 _c210699
_d210699